000 00715cam a22002292 4500
001 0000004717
005 20151217161134.0
008 070528s xx 000 0 eng d
020 _a019860758X :
_cKES 1,340
040 _aKABU
_cKABU
050 0 _aQL9
_b.D53 1999
245 1 2 _aA Dictionary of zoology /
_cedited by Michael Allaby.
246 3 _aOxford dictionary of zoology.
250 _a2nd ed.
260 _aOxford ;
_aNew York :
_bOxford University Press,
_c1999.
300 _avi, 597 p. :
_bill. ;
_c20 cm.
650 0 _aZoology
_vDictionaries.
_@0000155445
700 1 _aAllaby, Michael.
_@0000010380
908 _a070528
950 _@1
999 _c14971
_d14971